000 00221nam a22000857a 4500
008 170130b xxu||||| |||| 00| 0 eng d
100 _92654
_aSofat.R
245 _aViva Voce and Mental Maths-8
260 _aNew Delhi
_bRachna
_c2011
999 _c5810
_d5810